Éghajlat-változtatók
Elmentve itt :
| Szerző: | |
|---|---|
| Dokumentumtípus: | Cikk |
| Megjelent: |
1972-03-19
|
| Sorozat: | Délmagyarország
62 No. 67 |
| Kulcsszavak: | Textilművek, Munkalélektan |
| Online Access: | http://dmarchiv.bibl.u-szeged.hu/67154 |
| LEADER | 00454nab a2200157 i 4500 | ||
|---|---|---|---|
| 001 | delm67154 | ||
| 005 | 20180927153640.0 | ||
| 008 | 180927s1972 hu o 0|| hun d | ||
| 040 | |a SZTE Délmagyarország Archívum |b hun | ||
| 041 | |a hun | ||
| 100 | 1 | |a Simai Mihály | |
| 245 | 1 | 0 | |a Éghajlat-változtatók |h [elektronikus dokumentum] / |c Simai Mihály |
| 260 | |c 1972-03-19 | ||
| 300 | |a 3 | ||
| 490 | 0 | |a Délmagyarország |v 62 No. 67 | |
| 695 | |a Textilművek, Munkalélektan | ||